[Event "Online Olym Top DivB 2021"]
[Site "chess.com INT"]
[Date "2021.09.08"]
[Round "1.1"]
[Board "1"]
[White "Zeng, Chongsheng"]
[Black "Banusz, Tamas"]
[Result "1/2-1/2"]
[WhiteTitle "GM"]
[BlackTitle "GM"]
[WhiteElo "2597"]
[BlackElo "2641"]
[WhiteTeam "Shenzhen China"]
[BlackTeam "Hungary"]
[WhiteFideId "8603847"]
[BlackFideId "722413"]
[EventDate "2021.09.08"]
[EventType "team"]

1. e4 e5 2. Nf3 Nf6 3. Nc3 Nc6 4. d4 exd4 5. Nxd4 Bb4 6. Nxc6 bxc6 7. Bd3 d5 8.
exd5 O-O 9. O-O cxd5 10. Bg5 c6 11. Qf3 Bd6 12. h3 Rb8 13. Na4 Be6 14. Rad1 h6
15. Be3 Qe7 16. Rfe1 c5 17. b3 Rb4 18. c4 dxc4 19. Bxc4 Bxc4 20. Bf4 Qxe1+ 21.
Rxe1 Bd5 22. Bxd6 Bxf3 23. Bxf8 Kxf8 24. gxf3 c4 25. Nc5 g5 26. Kg2 cxb3 27.
axb3 Rb5 28. Re5 Kg8 29. f4 gxf4 30. Kf3 Kh7 31. Kxf4 Kg6 32. Ke3 Rb4 33. f4 Nh5
34. Re4 Rb5 35. Rc4 Kf5 36. b4 Nf6 37. Nd3 Nd5+ 38. Kf3 a5 39. bxa5 Rxa5 40. Rd4
h5 41. Kg3 Nf6 42. Kh4 Ra3 43. Ne5 Ra7 44. Nc4 Kg6 45. Ne5+ Kf5 46. Nc4 Ra1 47.
Ne3+ Kg6 48. f5+ Kg7 49. Nd5 Ra3 50. Nf4 Rf3 51. Kg5 Rg3+ 52. Kh4 Rf3 53. Nxh5+
Nxh5 54. Kxh5 Rxf5+ 55. Kg4 Ra5 1/2-1/2

[Event "Online Olym Top DivB 2021"]
[Site "chess.com INT"]
[Date "2021.09.08"]
[Round "1.1"]
[Board "2"]
[White "Gledura, Benjamin"]
[Black "Yu, Ruiyuan"]
[Result "1-0"]
[WhiteTitle "GM"]
[BlackTitle "GM"]
[WhiteElo "2628"]
[BlackElo "2497"]
[WhiteTeam "Hungary"]
[BlackTeam "Shenzhen China"]
[WhiteFideId "712779"]
[BlackFideId "8603090"]
[EventDate "2021.09.08"]
[EventType "team"]

1. Nf3 d5 2. g3 Bg4 3. Bg2 Nd7 4. d4 Ngf6 5. O-O e6 6. c4 c6 7. h3 Bxf3 8. Bxf3
Be7 9. Nd2 O-O 10. e4 dxe4 11. Nxe4 Nxe4 12. Bxe4 Nb6 13. b3 Bf6 14. Be3 g6 15.
a4 Nc8 16. a5 Nd6 17. Bc2 b5 18. axb6 axb6 19. Rxa8 Qxa8 20. Qf3 Bg7 21. Rd1 b5
22. c5 Nc8 23. h4 Ne7 24. h5 Qa2 25. Rd2 Qa1+ 26. Kg2 Nd5 27. h6 Bh8 28. Be4 Rd8
29. Bg5 Re8 30. Bxd5 exd5 31. Bf6 Qe1 32. Ra2 Qe6 33. Bxh8 Kxh8 34. Re2 1-0

[Event "Online Olym Top DivB 2021"]
[Site "chess.com INT"]
[Date "2021.09.08"]
[Round "1.1"]
[Board "3"]
[White "Zhao, Xue"]
[Black "Hoang, Thanh Trang"]
[Result "1/2-1/2"]
[WhiteTitle "GM"]
[BlackTitle "GM"]
[WhiteElo "2486"]
[BlackElo "2380"]
[WhiteTeam "Shenzhen China"]
[BlackTeam "Hungary"]
[WhiteFideId "8601283"]
[BlackFideId "12400149"]
[EventDate "2021.09.08"]
[EventType "team"]

1. e4 e6 2. d4 d5 3. e5 c5 4. c3 Nc6 5. Nf3 Qb6 6. Be2 cxd4 7. cxd4 Nh6 8. Nc3
Nf5 9. Na4 Qa5+ 10. Kf1 Bd7 11. Bd2 Bb4 12. Bxb4 Qxb4 13. a3 Qe7 14. h4 h5 15.
Rc1 b6 16. g3 O-O 17. Kg2 f6 18. Ba6 Rab8 19. Nc3 Qf7 20. Rc2 fxe5 21. dxe5 Qg6
22. Re1 Ncd4 23. Nxd4 Nxd4 24. Bd3 Qg4 25. Qxg4 hxg4 26. Rcc1 Rbc8 27. Be2 Nf3
28. Bxf3 gxf3+ 29. Kh3 Rc4 30. Na2 Rfc8 31. Rc3 Rxc3 32. Nxc3 d4 33. Ne4 Rc2 34.
Rd1 Bc6 35. Rxd4 Bxe4 36. Rxe4 Rxb2 37. g4 Rxf2 38. Kg3 Ra2 39. Re3 f2 40. Kg2
Kf7 41. Rc3 Re2 42. Rc7+ Kg6 43. Rxa7 Rxe5 44. Kxf2 Rb5 45. Kf3 Kf6 46. Kf4 Rb1
47. h5 Rf1+ 48. Kg3 Rg1+ 49. Kf4 Rf1+ 50. Kg3 Rg1+ 51. Kf4 Rf1+ 1/2-1/2

[Event "Online Olym Top DivB 2021"]
[Site "chess.com INT"]
[Date "2021.09.08"]
[Round "1.1"]
[Board "4"]
[White "Havanecz, Bianka"]
[Black "Xu, Tong"]
[Result "1/2-1/2"]
[WhiteTitle "WIM"]
[BlackTitle "WIM"]
[WhiteElo "2224"]
[BlackElo "2111"]
[WhiteTeam "Hungary"]
[BlackTeam "Shenzhen China"]
[WhiteFideId "704814"]
[BlackFideId "8601739"]
[EventDate "2021.09.08"]
[EventType "team"]

1. d4 d5 2. c4 e6 3. Nf3 Nf6 4. g3 Be7 5. Bg2 O-O 6. O-O c5 7. cxd5 Nxd5 8. e4
Nf6 9. Nc3 cxd4 10. Nxd4 e5 11. Nf5 Bxf5 12. exf5 Nc6 13. h3 h6 14. Be3 a6 15.
Rc1 Qxd1 16. Rfxd1 Rad8 17. Bb6 Rxd1+ 18. Rxd1 Re8 19. Na4 e4 20. Nc3 Bb4 21.
Nd5 Nxd5 22. Rxd5 Bf8 23. Rd7 Nb4 24. Bf1 Re7 25. Rd8 Nc6 26. Rc8 Rd7 27. Bc5
Rd8 28. Rxd8 Nxd8 29. Bxf8 Kxf8 30. Bg2 Ke7 31. Bxe4 f6 32. Kf1 Kd6 33. Ke2 Ke5
34. Ke3 b6 35. f4+ Kd6 36. Kd4 Nf7 37. Bd5 Nd8 38. g4 Ke7 39. b4 Kd6 40. a4 Kc7
41. h4 Kd6 42. g5 Kc7 43. Kc4 Kd6 44. Kd4 Kc7 45. Kc4 Kd6 46. Kd4 1/2-1/2

[Event "Online Olym Top DivB 2021"]
[Site "chess.com INT"]
[Date "2021.09.08"]
[Round "1.1"]
[Board "5"]
[White "Xue, Haowen"]
[Black "Kozak, Adam"]
[Result "0-1"]
[BlackTitle "GM"]
[WhiteElo "2128"]
[BlackElo "2517"]
[WhiteTeam "Shenzhen China"]
[BlackTeam "Hungary"]
[WhiteFideId "8625492"]
[BlackFideId "753246"]
[EventDate "2021.09.08"]
[EventType "team"]

1. d4 Nf6 2. c4 e6 3. g3 c5 4. Nf3 cxd4 5. Nxd4 d5 6. Bg2 e5 7. Nb3 d4 8. O-O
Nc6 9. f4 e4 10. f5 a5 11. Bg5 a4 12. N3d2 e3 13. Ne4 Be7 14. Bxf6 Bxf6 15.
Nxf6+ Qxf6 16. Na3 O-O 17. Nb5 Rd8 18. Nc7 Ra5 19. Nd5 Qe5 20. Qd3 g5 21. Rad1
f6 22. g4 Kg7 23. Rf3 Bd7 24. Qa3 Be8 25. Rg3 Bf7 26. Qd3 Rc5 27. b4 axb3 28.
axb3 b5 29. cxb5 Bxd5 30. bxc6 Bxg2 31. Kxg2 Rc3 32. Qa6 Qd5+ 33. Kg1 Rxc6 34.
Qd3 Rc3 35. Qa6 Rxb3 36. Qa7+ Rd7 37. Qa2 Rd3 38. Qb1 Rxd1+ 39. Qxd1 Qe4 40. Qf1
Rb7 41. Qf3 Qxf3 42. Rxf3 Rb2 43. h4 gxh4 44. Kg2 Rxe2+ 45. Kh3 Rf2 46. Rxf2
exf2 0-1

[Event "Online Olym Top DivB 2021"]
[Site "chess.com INT"]
[Date "2021.09.08"]
[Round "1.1"]
[Board "6"]
[White "Karacsonyi, Kata"]
[Black "Li, Xinyu"]
[Result "1/2-1/2"]
[WhiteTitle "WFM"]
[BlackTitle "WFM"]
[WhiteElo "2036"]
[BlackElo "2167"]
[WhiteTeam "Hungary"]
[BlackTeam "Shenzhen China"]
[WhiteFideId "769584"]
[BlackFideId "8610401"]
[EventDate "2021.09.08"]
[EventType "team"]

1. e4 c5 2. Nf3 d6 3. d4 cxd4 4. Nxd4 Nf6 5. Nc3 a6 6. Bg5 Nbd7 7. Bc4 Qa5 8.
Qd2 e6 9. O-O-O Be7 10. Bb3 h6 11. Bxf6 Nxf6 12. f4 Bd7 13. Rhe1 e5 14. Nf5 Bxf5
15. exf5 O-O 16. Qe2 Rfe8 17. Nd5 Nxd5 18. Rxd5 Qb4 19. fxe5 dxe5 20. Rxe5 Bg5+
21. Kb1 Rxe5 22. Qxe5 a5 23. a3 Qd2 24. Qe4 Rd8 25. Rf1 Bf6 26. Qxb7 Rd7 27.
Qc8+ Kh7 28. Qc4 Qxg2 29. Ba4 Re7 30. h4 Qg3 31. Bc6 Qe5 32. c3 Qg3 33. Bd5 Rc7
34. Qe4 1/2-1/2

[Event "Online Olym Top DivB 2021"]
[Site "chess.com INT"]
[Date "2021.09.08"]
[Round "1.2"]
[Board "2"]
[White "Blomqvist, Erik"]
[Black "Guseinov, Gadir"]
[Result "1/2-1/2"]
[WhiteTitle "GM"]
[BlackTitle "GM"]
[WhiteElo "2536"]
[BlackElo "2665"]
[WhiteTeam "Sweden"]
[BlackTeam "Azerbaijan"]
[WhiteFideId "1709437"]
[BlackFideId "13401378"]
[EventDate "2021.09.08"]
[EventType "team"]

1. e4 c5 2. Nf3 g6 3. d4 cxd4 4. Nxd4 Nc6 5. c4 Nf6 6. Nc3 Nxd4 7. Qxd4 d6 8. f3
Bg7 9. Be3 O-O 10. Qd2 Be6 11. Rc1 Qa5 12. Be2 Rfc8 13. b3 a6 14. Na4 Qxd2+ 15.
Kxd2 Nd7 16. g4 f5 17. exf5 gxf5 18. h3 Rf8 19. f4 Rad8 20. Nc3 d5 21. cxd5 Nf6
22. Rhg1 Nxd5 23. Nxd5 Rxd5+ 24. Ke1 fxg4 25. hxg4 Bd4 26. Bxd4 Rxd4 27. f5 Bd5
28. Rd1 Rxd1+ 29. Kxd1 e6 30. fxe6 Bxe6 31. Kd2 Kg7 32. Ke3 Rc8 33. Bd3 Bd5 34.
g5 Bc6 35. Rg4 Re8+ 36. Kd4 Rd8+ 37. Ke3 Rd5 38. Be4 Re5 39. Kd4 Ra5 40. Bb1
Rd5+ 41. Kc3 Rd1 42. Bc2 Rh1 43. Rg3 Kf8 44. b4 Rh4 45. a3 Bd5 46. Re3 Kf7 47.
Rg3 Be4 48. Bxe4 Rxe4 49. Rh3 Kg7 50. Rh6 Re5 51. Rb6 Rb5 52. Rd6 Kf7 53. Rh6
Kg7 54. Rd6 Rxg5 55. Rd7+ Kg6 56. Rxb7 Rg3+ 57. Kb2 Rf3 58. Rb6+ Rf6 59. Rxf6+
Kxf6 60. Kc3 Ke5 61. a4 h5 62. Kd3 Kd5 63. Ke3 Kc4 64. b5 axb5 65. axb5 Kxb5 66.
Kf4 h4 67. Kg4 h3 68. Kxh3 1/2-1/2

[Event "Online Olym Top DivB 2021"]
[Site "chess.com INT"]
[Date "2021.09.08"]
[Round "1.2"]
[Board "3"]
[White "Mammadzada, Gunay"]
[Black "Cramling, Pia"]
[Result "1-0"]
[WhiteTitle "IM"]
[BlackTitle "GM"]
[WhiteElo "2459"]
[BlackElo "2455"]
[WhiteTeam "Azerbaijan"]
[BlackTeam "Sweden"]
[WhiteFideId "13403729"]
[BlackFideId "1700030"]
[EventDate "2021.09.08"]
[EventType "team"]

1. e4 c5 2. Nf3 e6 3. d4 cxd4 4. Nxd4 Nc6 5. Nc3 a6 6. Nxc6 bxc6 7. Bd3 d5 8.
O-O Nf6 9. Re1 Be7 10. e5 Nd7 11. Qg4 Kf8 12. Bd2 h5 13. Qf3 Kg8 14. Na4 Qc7 15.
Qe2 h4 16. h3 g6 17. c4 Rh5 18. Bf4 Bb4 19. Rec1 Qa5 20. a3 Bf8 21. b4 Qd8 22.
cxd5 cxd5 23. Bh2 Bg7 24. f4 Bf8 25. Kh1 Nb6 26. Nc5 a5 27. b5 a4 28. Bg1 Kg7
29. Bd4 Rb8 30. Na6 Bxa6 31. bxa6 Ra8 32. Rc6 Nc4 33. Bxc4 dxc4 34. Qxc4 Rf5 35.
Be3 g5 36. fxg5 Be7 37. a7 Bxg5 38. Bb6 Qd2 39. Rc8 Rf4 40. Qc6 Qe2 41. Bg1 Rf1
42. Rxf1 Qxf1 43. Qxa8 Be3 44. Rg8+ Kh7 45. Rh8+ Kg6 46. Qg8+ 1-0

[Event "Online Olym Top DivB 2021"]
[Site "chess.com INT"]
[Date "2021.09.08"]
[Round "1.2"]
[Board "4"]
[White "Agrest, Inna"]
[Black "Mammadova, Gulnar"]
[Result "0-1"]
[WhiteTitle "WIM"]
[BlackTitle "IM"]
[WhiteElo "2256"]
[BlackElo "2395"]
[WhiteTeam "Sweden"]
[BlackTeam "Azerbaijan"]
[WhiteFideId "1708830"]
[BlackFideId "13403508"]
[EventDate "2021.09.08"]
[EventType "team"]

1. e4 e6 2. d4 d5 3. Nc3 Bb4 4. a3 Bxc3+ 5. bxc3 dxe4 6. Qg4 Nf6 7. Qxg7 Rg8 8.
Qh6 Bd7 9. Rb1 Bc6 10. Nh3 Nbd7 11. Nf4 Qe7 12. Be2 O-O-O 13. O-O e5 14. dxe5
Nxe5 15. Be3 Nf3+ 16. Kh1 Ng4 17. Qh3 Bd7 18. Qh5 Nxe3 19. fxe3 Rg5 20. Qxh7 Nd2
21. Rb4 Nxf1 22. Bxf1 Bf5 23. Qh4 Rd1 24. Qh8+ Rd8 25. Qh4 f6 26. Rd4 Rxd4 27.
cxd4 c6 28. a4 Kc7 29. Qe1 Bd7 30. Qc3 a5 31. d5 Qb4 32. Qxf6 Rf5 33. Qh4 cxd5
34. Qg3 Qd6 35. Be2 d4 36. Bc4 dxe3 37. Ne2 Rf1+ 38. Ng1 Qxg3 39. hxg3 Rc1 40.
Kh2 Rxc2 41. Be2 Bxa4 42. g4 Be8 43. Kg3 a4 44. Bd1 a3 45. Bxc2 a2 0-1

[Event "Online Olym Top DivB 2021"]
[Site "chess.com INT"]
[Date "2021.09.08"]
[Round "1.2"]
[Board "5"]
[White "Asadli, Vugar"]
[Black "Pantzar, Milton"]
[Result "1-0"]
[WhiteTitle "GM"]
[BlackTitle "IM"]
[WhiteElo "2578"]
[BlackElo "2423"]
[WhiteTeam "Azerbaijan"]
[BlackTeam "Sweden"]
[WhiteFideId "13405764"]
[BlackFideId "1721003"]
[EventDate "2021.09.08"]
[EventType "team"]

1. e4 c6 2. d4 d5 3. e5 c5 4. Nf3 cxd4 5. Qxd4 Nc6 6. Qf4 e6 7. Bd3 Nge7 8. O-O
Ng6 9. Qg3 Nb4 10. Nc3 Nxd3 11. cxd3 Be7 12. Ne2 O-O 13. Nf4 Bd7 14. Nxg6 fxg6
15. Be3 a6 16. a3 Rc8 17. Rac1 Qa5 18. Bg5 Bxg5 19. Qxg5 Qb6 20. b4 Bb5 21. Rxc8
Rxc8 22. Rc1 Rxc1+ 23. Qxc1 h6 24. Qc3 g5 25. h3 Kh7 26. Nd4 Qd8 27. Nxe6 Qe7
28. Qc8 Be8 29. d4 h5 30. Nc5 b6 31. Qf5+ Bg6 32. Qd7 Qf8 33. Ne6 Qg8 34. Nxg5+
Kh6 35. h4 Qf8 36. Ne6 Qg8 37. Nf4 Qf8 38. Nxg6 Kxg6 39. Qxd5 Qf4 40. g3 Qc1+
41. Kg2 Qxa3 42. Qe6+ Kh7 43. Qxb6 Qd3 44. Qc5 Qe4+ 45. Kh2 Qe2 46. d5 Qxe5 47.
d6 Qe6 48. Qxh5+ Kg8 49. Qc5 Kh7 50. Qd4 Qd7 51. Qd5 Qa7 52. Kg2 Qd7 53. Kg1 Kh8
54. h5 Kh7 55. Qe4+ Kg8 56. Qe7 Qg4 57. d7 Qd1+ 58. Kg2 Qd5+ 59. f3 Qa2+ 60. Kh3 1-0

[Event "Online Olym Top DivB 2021"]
[Site "chess.com INT"]
[Date "2021.09.08"]
[Round "1.2"]
[Board "6"]
[White "Zaritovskaja, Margarita"]
[Black "Beydullayeva, Govhar"]
[Result "0-1"]
[BlackTitle "WIM"]
[WhiteElo "2040"]
[BlackElo "2304"]
[WhiteTeam "Sweden"]
[BlackTeam "Azerbaijan"]
[WhiteFideId "14149249"]
[BlackFideId "13413015"]
[EventDate "2021.09.08"]
[EventType "team"]

1. e4 c5 2. Nf3 d6 3. d4 cxd4 4. Nxd4 Nf6 5. Nc3 a6 6. Be3 e5 7. Nb3 Be6 8. f3
h5 9. Qd2 Nbd7 10. O-O-O b5 11. Kb1 Be7 12. h3 h4 13. Be2 Rc8 14. Rhg1 Nb6 15.
Bxb6 Qxb6 16. Nd5 Bxd5 17. exd5 Nh5 18. Bd3 g6 19. Rge1 Nf4 20. Nc1 O-O 21. Ne2
Nxg2 22. Rg1 Ne3 23. Rde1 Kh7 24. Nc3 Rxc3 25. bxc3 Nc4 26. Qg2 Rg8 27. Qg4 Kh8
28. Bxg6 Rxg6 29. Qh5+ Kg7 30. Rxg6+ fxg6 31. Qg4 Qa5 32. Rg1 g5 33. Qe6 Bf6 34.
Qd7+ Kg6 35. Qe8+ Kh6 36. Qe6 Qd8 37. Kc1 Qe7 38. Qf5 e4 39. fxe4 Qe5 40. Qf3
Qxc3 41. Qxc3 Bxc3 42. Kd1 Bd4 43. Re1 g4 44. hxg4 Kg5 45. Ke2 Kxg4 46. Kd3 Bf2
47. Rf1 Ne5+ 48. Ke2 Bg3 0-1

[Event "Online Olym Top DivB 2021"]
[Site "chess.com INT"]
[Date "2021.09.08"]
[Round "1.3"]
[Board "1"]
[White "Aleksandrov, Aleksej"]
[Black "Bacrot, Etienne"]
[Result "0-1"]
[WhiteTitle "GM"]
[BlackTitle "GM"]
[WhiteElo "2525"]
[BlackElo "2658"]
[WhiteTeam "Belarus"]
[BlackTeam "France"]
[WhiteFideId "13500139"]
[BlackFideId "605506"]
[EventDate "2021.09.08"]
[EventType "team"]

1. Nf3 d5 2. e3 Nf6 3. b3 Bg4 4. Bb2 Nbd7 5. h3 Bxf3 6. Qxf3 e5 7. g3 Bd6 8. Bg2
c6 9. Qe2 Qe7 10. d3 a5 11. a4 O-O 12. O-O e4 13. Nd2 exd3 14. Qxd3 Be5 15. Bxe5
Nxe5 16. Qd4 Rfe8 17. Rfd1 Qc7 18. Rac1 Rad8 19. Nf3 Ng6 20. c4 h6 21. cxd5 Nxd5
22. Qc4 Nb4 23. h4 Ne5 24. Nxe5 Qxe5 25. Bf3 Qf5 26. Be2 Qe5 27. Bf3 Qf6 28. Kg2
Qb2 29. Bh5 Nd5 30. Kg1 Qf6 31. Be2 Nb4 32. Kg2 Qb2 33. Rb1 Qe5 34. Bf3 Qf5 35.
Rbc1 Qf6 36. Rb1 g6 37. Qc5 Qf5 38. Qxf5 gxf5 39. Rbc1 Kg7 40. Rxd8 Rxd8 41. Rc5
Kf6 42. Rxa5 Rd3 43. Ra7 Rd7 44. Be2 Nd5 45. a5 Ke7 46. Bc4 Nb4 47. Kf3 c5 0-1

[Event "Online Olym Top DivB 2021"]
[Site "chess.com INT"]
[Date "2021.09.08"]
[Round "1.3"]
[Board "2"]
[White "Gozzoli, Yannick"]
[Black "Fedorov, Alexei"]
[Result "1/2-1/2"]
[WhiteTitle "GM"]
[BlackTitle "GM"]
[WhiteElo "2602"]
[BlackElo "2532"]
[WhiteTeam "France"]
[BlackTeam "Belarus"]
[WhiteFideId "616915"]
[BlackFideId "13500465"]
[EventDate "2021.09.08"]
[EventType "team"]

1. d4 Nf6 2. Nf3 g6 3. Bg5 Bg7 4. c3 O-O 5. Nbd2 d6 6. e4 c5 7. d5 h6 8. Bh4 e6
9. dxe6 Bxe6 10. Be2 Nc6 11. O-O Qc7 12. Re1 Rfe8 13. Qc2 a6 14. Nc4 Nxe4 15.
Qxe4 d5 16. Qe3 dxc4 17. Qxc5 b6 18. Qe3 b5 19. Rad1 Ne7 20. Bg3 Qa5 21. a3 Nf5
22. Qc1 Nxg3 23. hxg3 Rad8 24. Rxd8 Rxd8 25. Rd1 Kh7 26. Qe3 Rxd1+ 27. Bxd1 Qd8
28. Bc2 Qd6 29. Qa7 Bf6 30. Kf1 Kg7 31. Qe3 Bd5 1/2-1/2

[Event "Online Olym Top DivB 2021"]
[Site "chess.com INT"]
[Date "2021.09.08"]
[Round "1.3"]
[Board "3"]
[White "Tarasenka, Aliaksandra"]
[Black "Sebag, Marie"]
[Result "0-1"]
[WhiteTitle "WFM"]
[BlackTitle "GM"]
[WhiteElo "2124"]
[BlackElo "2447"]
[WhiteTeam "Belarus"]
[BlackTeam "France"]
[WhiteFideId "13514288"]
[BlackFideId "617822"]
[EventDate "2021.09.08"]
[EventType "team"]

1. d4 Nf6 2. c4 e6 3. Nc3 Bb4 4. Nf3 b6 5. e3 Bb7 6. Bd3 O-O 7. O-O Bxc3 8. bxc3
Ne4 9. Qc2 f5 10. Nd2 Qh4 11. f3 Ng5 12. d5 Rf6 13. f4 Nh3+ 14. Kh1 Nf2+ 15. Kg1
Nxd3 16. Qxd3 exd5 17. cxd5 d6 18. Nf3 Qg4 19. h3 Qh5 20. c4 Nd7 21. Bb2 Rg6 22.
Ng5 Rf8 23. Qd1 Qh6 24. Qf3 Nc5 25. Kh2 Re8 26. Bd4 Ne4 27. Nxe4 Rxe4 28. Rg1 c5
29. dxc6 Bxc6 30. g4 fxg4 31. Rxg4 Rxd4 32. Qxc6 Rd2+ 33. Kg3 Rxg4+ 34. Kxg4
Qg6+ 35. Kh4 h6 36. Rf1 Rg2 0-1

[Event "Online Olym Top DivB 2021"]
[Site "chess.com INT"]
[Date "2021.09.08"]
[Round "1.3"]
[Board "4"]
[White "Guichard, Pauline"]
[Black "Ilyuchyk, Yana"]
[Result "0-1"]
[WhiteTitle "IM"]
[BlackTitle "WFM"]
[WhiteElo "2409"]
[BlackElo "2170"]
[WhiteTeam "France"]
[BlackTeam "Belarus"]
[WhiteFideId "639370"]
[BlackFideId "13508407"]
[EventDate "2021.09.08"]
[EventType "team"]

1. d4 Nf6 2. c4 d6 3. Nf3 g6 4. g3 Bg7 5. Bg2 O-O 6. O-O Nbd7 7. Nc3 e5 8. e4
Re8 9. Re1 exd4 10. Nxd4 Nc5 11. h3 Bd7 12. Rb1 h6 13. b4 Ne6 14. Be3 Ng5 15.
Bxg5 hxg5 16. Qd2 g4 17. h4 Nh5 18. Nd5 c6 19. Ne3 Nf6 20. Qd3 Qe7 21. Nec2 Be6
22. b5 c5 23. Nxe6 Qxe6 24. e5 dxe5 25. Bxb7 Rad8 26. Qe2 e4 27. Bc6 Re7 28.
Rbd1 Rxd1 29. Rxd1 Kh7 30. Ne3 Nh5 31. Rd8 Bd4 32. Bd5 Qb6 33. Rc8 Qd6 34. Rc6
Qe5 35. Nxg4 Qxg3+ 36. Kf1 Qh3+ 37. Ke1 Nf4 38. Qd1 Bc3+ 0-1

[Event "Online Olym Top DivB 2021"]
[Site "chess.com INT"]
[Date "2021.09.08"]
[Round "1.3"]
[Board "5"]
[White "Zarubitski, Viachaslau"]
[Black "Maurizzi, Marc Andria"]
[Result "0-1"]
[WhiteTitle "IM"]
[BlackTitle "GM"]
[WhiteElo "2416"]
[BlackElo "2488"]
[WhiteTeam "Belarus"]
[BlackTeam "France"]
[WhiteFideId "13509373"]
[BlackFideId "36083534"]
[EventDate "2021.09.08"]
[EventType "team"]

1. e4 c5 2. Nf3 e6 3. d4 cxd4 4. Nxd4 Nf6 5. Nc3 Nc6 6. Ndb5 d6 7. Bf4 e5 8. Bg5
a6 9. Na3 Be6 10. Bxf6 Qxf6 11. Nd5 Qd8 12. Nc4 Rb8 13. a4 g6 14. a5 Bh6 15. c3
O-O 16. g3 Ne7 17. Ncb6 Nxd5 18. Nxd5 f5 19. Bg2 f4 20. O-O Rf7 21. Qd3 g5 22.
b4 Kh8 23. Rfd1 g4 24. Nb6 Bf8 25. c4 Qf6 26. Ra2 h5 27. Rc2 h4 28. Nd5 Qh6 29.
gxf4 exf4 30. f3 h3 31. Bf1 g3 32. c5 dxc5 33. bxc5 Qg5 34. Kh1 Rg7 35. Qd4 g2+
36. Bxg2 hxg2+ 37. Kg1 Rc8 38. Rdd2 Bxd5 39. exd5 Re8 40. Re2 Re3 41. d6 Rxf3
42. Rxg2 Qh4 43. Rxg7 Qe1+ 44. Kg2 Qf1# 0-1

[Event "Online Olym Top DivB 2021"]
[Site "chess.com INT"]
[Date "2021.09.08"]
[Round "1.3"]
[Board "6"]
[White "Rollot, Florence"]
[Black "Zeliantsova, Kseniya"]
[Result "0-1"]
[BlackTitle "WFM"]
[WhiteElo "1973"]
[BlackElo "2056"]
[WhiteTeam "France"]
[BlackTeam "Belarus"]
[WhiteFideId "26016060"]
[BlackFideId "13512617"]
[EventDate "2021.09.08"]
[EventType "team"]

1. Nf3 Nf6 2. c4 g6 3. Nc3 Bg7 4. g3 d6 5. Bg2 O-O 6. O-O e5 7. d3 Nc6 8. Bg5 h6
9. Bxf6 Bxf6 10. Nd5 Bg7 11. Qd2 Be6 12. Nb4 Ne7 13. Ne1 c6 14. Nbc2 f5 15. b4
Qd7 16. Rb1 d5 17. c5 d4 18. Na3 Nd5 19. Nc4 e4 20. e3 dxe3 21. Nxe3 Nxe3 22.
fxe3 exd3 23. Qxd3 Qf7 24. a4 Bc4 25. Qc2 Bxf1 26. Bxf1 Kh7 27. Bc4 Qe7 28. Kf2
Rfe8 29. Ng2 Rad8 30. b5 Qd7 31. bxc6 bxc6 32. Nf4 Qd2+ 33. Qxd2 Rxd2+ 34. Kf3
g5 35. Ne2 Re4 36. Bb3 Rd3 0-1

[Event "Online Olym Top DivB 2021"]
[Site "chess.com INT"]
[Date "2021.09.08"]
[Round "1.4"]
[Board "1"]
[White "Anand, Viswanathan"]
[Black "Adly, Ahmed"]
[Result "1-0"]
[WhiteTitle "GM"]
[BlackTitle "GM"]
[WhiteElo "2753"]
[BlackElo "2619"]
[WhiteTeam "India"]
[BlackTeam "Egypt"]
[WhiteFideId "5000017"]
[BlackFideId "10601619"]
[EventDate "2021.09.08"]
[EventType "team"]

1. e4 c6 2. d4 d5 3. e5 Bf5 4. Nf3 e6 5. Be2 Nd7 6. O-O Ne7 7. c3 h6 8. a4 g5 9.
Nbd2 Ng6 10. Ne1 Nf4 11. Bg4 Bg6 12. Nb3 h5 13. Bf3 c5 14. Be3 c4 15. Nc1 Qb6
16. Qd2 Bh6 17. h4 f6 18. exf6 Qd6 19. Ne2 Nxe2+ 20. Bxe2 Nxf6 21. hxg5 Ne4 22.
Qc1 Bg7 23. Bf4 Qe7 24. Nf3 h4 25. Ne5 Bf5 26. Bf3 O-O-O 27. Qe3 Bxe5 28. Bxe5
Rhf8 29. Bxe4 Bxe4 30. f3 Bf5 31. Bf6 Rxf6 32. gxf6 Qxf6 33. Qf4 Rg8 34. Rf2 Kd7
35. a5 Qg7 36. Qxh4 Rh8 37. Qf4 Qh7 38. Rff1 Rg8 39. Rfe1 Bd3 40. Kf2 Bf1 41.
Kxf1 Qh1+ 42. Kf2 Rxg2+ 43. Ke3 Qh7 44. Rad1 Qc2 45. Qf7+ Kd8 46. Kf4 Qf2 47.
Qf6+ Kc7 48. Qe7+ Kc6 49. Rxe6+ 1-0

[Event "Online Olym Top DivB 2021"]
[Site "chess.com INT"]
[Date "2021.09.08"]
[Round "1.4"]
[Board "2"]
[White "Fawzy, Adham"]
[Black "Adhiban, Baskaran"]
[Result "0-1"]
[WhiteTitle "GM"]
[BlackTitle "GM"]
[WhiteElo "2488"]
[BlackElo "2672"]
[WhiteTeam "Egypt"]
[BlackTeam "India"]
[WhiteFideId "10613129"]
[BlackFideId "5018471"]
[EventDate "2021.09.08"]
[EventType "team"]

1. e4 e5 2. Nf3 Nc6 3. d4 exd4 4. Bc4 Bb4+ 5. Nbd2 Nf6 6. O-O O-O 7. Nxd4 Nxd4
8. c3 d5 9. exd5 Bg4 10. f3 Nxf3+ 11. Nxf3 Bc5+ 12. Kh1 Ne4 13. Qe1 Re8 14. Nd4
Bxd4 15. cxd4 Nd6 16. Qg3 Nxc4 17. Qxg4 Qxd5 18. Bh6 g6 19. Qf4 Ne3 20. Rf2 Nf5
21. Bg5 Qxd4 22. Raf1 Qxf4 23. Bxf4 Re7 24. g4 Nd6 25. h4 Rae8 26. h5 Re1 27. h6
Rxf1+ 28. Rxf1 Kf8 29. Rc1 Re4 30. Bd2 Rc4 31. Bc3 Ke8 32. g5 Ne4 33. Re1 Kd7
34. Bf6 Nxf6 35. gxf6 Rh4+ 36. Kg2 Rxh6 37. Re7+ Kd6 38. Rxf7 g5 39. Kg3 Rh4 40.
Rg7 h6 41. f7 Rf4 42. Rh7 Kd5 43. f8=Q Rxf8 44. Rxc7 Rb8 45. Rh7 Kc5 46. Rxh6
Rd8 47. Rg6 Rd5 48. Kf3 a5 49. Ke3 b5 50. Rg8 a4 51. Rg7 Kb4 52. Ra7 Rc5 53. Kd3
Rd5+ 54. Kc2 Rf5 55. a3+ Kc4 56. Rc7+ Kd4 57. Rg7 Ke3 58. Kc3 Kf3 59. Kd3 g4 0-1

[Event "Online Olym Top DivB 2021"]
[Site "chess.com INT"]
[Date "2021.09.08"]
[Round "1.4"]
[Board "3"]
[White "Tania, Sachdev"]
[Black "Wafa, Shahenda"]
[Result "1-0"]
[WhiteTitle "IM"]
[BlackTitle "WGM"]
[WhiteElo "2392"]
[BlackElo "2120"]
[WhiteTeam "India"]
[BlackTeam "Egypt"]
[WhiteFideId "5007844"]
[BlackFideId "10609962"]
[EventDate "2021.09.08"]
[EventType "team"]

1. d4 Nf6 2. c4 e6 3. Nf3 Bb4+ 4. Bd2 Qe7 5. g3 b6 6. Bg2 Bb7 7. O-O O-O 8. Nc3
Bxc3 9. Bxc3 Ne4 10. Rc1 f5 11. Qc2 Ng5 12. Nxg5 Bxg2 13. Nxh7 Be4 14. Qd2 Kxh7
15. d5 f4 16. f3 Bg6 17. gxf4 exd5 18. cxd5 c5 19. e4 d6 20. Rf2 Nd7 21. Rg2 Nf6
22. f5 Bh5 23. Qf4 Rh8 24. Qh4 Raf8 25. Bxf6 Rxf6 26. Qxh5+ Kg8 27. Qg5 Rh7 28.
Re1 Qe5 29. f4 Qd4+ 30. Kh1 b5 31. e5 Rf8 32. f6 Qxd5 33. fxg7 Re8 34. Qf6 dxe5
35. fxe5 c4 36. Rf1 Qc5 37. Qf7# 1-0